[Event "Valasska Bystrice op"]
[Site "Valasska Bystrice"]
[Date "2023.09.14"]
[Round "7"]
[White "Karlik, Vladimir"]
[Black "Lys, Josef"]
[Result "0-1"]
[WhiteElo "2100"]
[BlackElo "2111"]
[PlyCount "56"]
[EventDate "2023.09.09"]
[EventType "swiss"]
[EventRounds "9"]
[EventCountry "CZE"]
[SourceTitle "EXT 2024"]
[Source "ChessBase"]
[SourceDate "2023.10.10"]
[SourceVersion "1"]
[SourceVersionDate "2023.10.10"]
[SourceQuality "1"]

1. d4 Nf6 2. Nf3 g6 3. g3 b6 4. Bg2 Bb7 5. c4 Bg7 6. Nc3 Ne4 7. Bd2 0-0 8. 0-0 f5 9. Rc1 e6 10. Qc2 Nxc3 11. Bxc3 Be4 12. Qd2 Qe7 13. c5 b5 14. Ne1 Bxg2 15. Kxg2 Qf7 16. Nf3 f4 17. Ne5 Bxe5 18. dxe5 f3+ 19. Kg1 Nc6 20. Rce1 b4 21. Bd4 a5 22. exf3 Qxf3 23. Re3 Qd5 24. Rd3 Qxa2 25. Qh6 Rf7 26. h4 Raf8 27. f4 Qc4 28. Rfd1 Rf5 0-1

[Event "Bohumin op-A 6th"]
[Site "Bohumin"]
[Date "2023.07.07"]
[Round "7"]
[White "Lys, Josef"]
[Black "Mrazek, Roman1111"]
[Result "1-0"]
[WhiteElo "2106"]
[BlackElo "1955"]
[PlyCount "131"]
[EventDate "2023.07.01"]
[EventType "swiss"]
[EventRounds "9"]
[EventCountry "CZE"]
[SourceTitle "CBM 215 Extra"]
[Source "ChessBase"]
[SourceDate "2023.09.30"]
[SourceVersion "1"]
[SourceVersionDate "2023.09.30"]
[SourceQuality "1"]

1. d4 d5 2. c4 c6 3. Nc3 Nf6 4. Nf3 dxc4 5. a4 Bf5 6. Ne5 Nbd7 7. Nxc4 Nb6 8. Ne5 a5 9. f3 Nfd7 10. Nd3 Bxd3 11. Qxd3 e6 12. e4 Bb4 13. Be3 0-0 14. Be2 Qe7 15. 0-0 Rfd8 16. Qc2 c5 17. Rfd1 cxd4 18. Bxd4 Rac8 19. Kh1 Nc5 20. Bb5 e5 21. Bg1 h6 22. Rxd8+ Qxd8 23. Rd1 Qf6 24. Nd5 Nxd5 25. Rxd5 b6 26. Qd1 Rb8 27. Rd6 Qe7 28. Qd5 Rb7 29. Rd8+ Kh7 30. Re8 Qc7 31. Rxe5 Ne6 32. Bc6 Rb8 33. Qb5 Rd8 34. Rd5 Rxd5 35. exd5 Nc5 36. Qe2 Qf4 37. Bb5 Qd6 38. Bc4 g6 39. b3 Qf6 40. Qd1 Nd7 41. Bd4 Qh4 42. g3 Qg5 43. Kg2 Bd6 44. Bf2 h5 45. h4 Qe5 46. Qe2 Qxe2 47. Bxe2 Nc5 48. f4 Kg7 49. Kf3 Kf8 50. Bd1 Ke8 51. Ke3 Kd7 52. Kd4 Nxb3+ 53. Kc4 Nc5 54. Kb5 Kc7 55. f5 Ne4 56. fxg6 fxg6 57. Bxb6+ Kb7 58. Bc2 Nc3+ 59. Kxa5 Bxg3 60. Bxg6 Bxh4 61. d6 Nxa4 62. Be4+ Kc8 63. Kxa4 Kd7 64. Bc5 Ke6 65. Bg2 Bd8 66. Kb5 1-0

[Event "Bohumin op-A 6th"]
[Site "Bohumin"]
[Date "2023.07.03"]
[Round "3"]
[White "Lys, Josef"]
[Black "Olsar, Zdenek"]
[Result "1-0"]
[WhiteElo "2106"]
[BlackElo "1941"]
[PlyCount "98"]
[EventDate "2023.07.01"]
[EventType "swiss"]
[EventRounds "9"]
[EventCountry "CZE"]
[SourceTitle "CBM 215 Extra"]
[Source "ChessBase"]
[SourceDate "2023.09.30"]
[SourceVersion "1"]
[SourceVersionDate "2023.09.30"]
[SourceQuality "1"]

1. d4 d5 2. c4 e6 3. Nc3 c6 4. e3 Nf6 5. Nf3 Nbd7 6. Qc2 Bd6 7. b3 0-0 8. Bb2 Re8 9. Be2 e5 10. cxd5 cxd5 11. dxe5 Nxe5 12. 0-0 Bg4 13. Nd4 Bxe2 14. Qxe2 a6 15. Rad1 Rc8 16. Nf3 Bb8 17. Nxe5 Bxe5 18. Nb1 Qc7 19. Bxe5 Qxe5 20. Qd3 Ng4 21. g3 Qh5 22. h4 Re5 23. Kg2 g5 24. Rh1 Nf6 25. hxg5 Qxg5 26. f4 Qg4 27. Rh4 Rxe3 28. Rxg4+ Nxg4 29. Qd2 Rce8 30. Nc3 Rxc3 31. Qxc3 Ne3+ 32. Kf3 Nxd1 33. Qd4 Ne3 34. g4 Re6 35. Qa7 b5 36. f5 Re4 37. Qxa6 Nxg4 38. Qa8+ Kg7 39. Qxd5 Nf6 40. Qxb5 h5 41. a4 Kh6 42. a5 Kg5 43. a6 Rf4+ 44. Ke2 Ne4 45. Qe5 Ng3+ 46. Kd3 Rf3+ 47. Kc4 Nxf5 48. a7 Re3 49. Qh8 Nd6+ 1-0

[Event "Ostrava Konik op-A"]
[Site "Ostrava"]
[Date "2023.05.06"]
[Round "1"]
[White "Jacobsen, Mikkel Manosri"]
[Black "Lys, Josef"]
[Result "0-1"]
[WhiteElo "2341"]
[BlackElo "2041"]
[PlyCount "128"]
[EventDate "2023.05.06"]
[EventType "swiss"]
[EventRounds "9"]
[EventCountry "CZE"]
[SourceTitle "CBM 214 Extra"]
[Source "ChessBase"]
[SourceDate "2023.07.31"]
[SourceVersion "1"]
[SourceVersionDate "2023.07.31"]
[SourceQuality "1"]

1. d4 Nf6 2. Nf3 g6 3. Bf4 Bg7 4. c3 b6 5. Nbd2 Bb7 6. Qc2 d5 7. e3 a5 8. h4 h5 9. Ne5 Nbd7 10. Bd3 Nxe5 11. Bxe5 Ba6 12. Bxa6 Rxa6 13. c4 0-0 14. 0-0 Ne8 15. Nf3 c6 16. Rac1 Nd6 17. cxd5 cxd5 18. Qc6 Bxe5 19. dxe5 Ne4 20. e6 f6 21. Rfd1 Qa8 22. Rxd5 Nc5 23. Nd4 Rc8 24. Qxa8 Raxa8 25. b3 Kf8 26. a3 Rd8 27. Rxd8+ Rxd8 28. b4 axb4 29. axb4 Nd3 30. Rc4 f5 31. Kf1 Kg7 32. Ke2 Ne5 33. Rc7 Kf6 34. Nc6 Nxc6 35. Rxc6 Rd6 36. Rxd6 exd6 37. Kd3 d5 38. Kd4 Kxe6 39. f3 Kd6 40. e4 dxe4 41. fxe4 fxe4 42. Kxe4 Ke6 43. Kf4 Kf6 44. b5 Ke6 45. Kg5 Kf7 46. Kh6 Kf6 47. Kh7 Kf5 48. Kg7 Kg4 49. Kxg6 Kxh4 50. Kh6 Kg4 51. Kg6 h4 52. Kf6 Kg3 53. Kg5 Kxg2 54. Kxh4 Kf3 55. Kh3 Ke4 56. Kg3 Kd4 57. Kf3 Kc5 58. Ke3 Kxb5 59. Kd3 Kb4 60. Kc2 Ka3 61. Kb1 Kb3 62. Ka1 b5 63. Kb1 b4 64. Ka1 Kc2 0-1

[Event "Moravia-Silesia Region-chT 2223"]
[Site "Czech Republic"]
[Date "2023.03.19"]
[Round "10"]
[White "Nytra, Ondrej"]
[Black "Lys, Josef"]
[Result "1-0"]
[WhiteElo "2181"]
[BlackElo "2043"]
[PlyCount "43"]
[EventDate "2022.10.09"]
[EventType "team-tourn"]
[EventRounds "11"]
[EventCountry "CZE"]
[SourceTitle "EXT 2024"]
[Source "ChessBase"]
[SourceDate "2023.10.10"]
[SourceVersion "1"]
[SourceVersionDate "2023.10.10"]
[SourceQuality "1"]
[WhiteTeam "Frydek Mistek IV"]
[BlackTeam "Havirov Banik"]
[WhiteTeamCountry "CZE"]
[BlackTeamCountry "CZE"]

1. e4 e5 2. Nf3 d6 3. d4 exd4 4. Nxd4 Nf6 5. Nc3 Be7 6. Be2 0-0 7. Be3 a6 8. a4 Re8 9. g4 d5 10. e5 Ne4 11. Nxe4 dxe4 12. Bc4 c5 13. e6 f6 14. Nf5 Qa5+ 15. c3 Nc6 16. g5 fxg5 17. Qh5 g6 18. Qh6 gxf5 19. Bxg5 Ne5 20. Bf6 Bxf6 21. Rg1+ Ng6 22. Rxg6+ 1-0

[Event "Moravia-Silesia Region-chT 2223"]
[Site "Czech Republic"]
[Date "2022.10.09"]
[Round "1"]
[White "Posluszny, Tomasz"]
[Black "Lys, Josef"]
[Result "1-0"]
[WhiteElo "1933"]
[BlackElo "2034"]
[PlyCount "73"]
[EventDate "2022.10.09"]
[EventType "team-tourn"]
[EventRounds "11"]
[EventCountry "CZE"]
[SourceTitle "EXT 2024"]
[Source "ChessBase"]
[SourceDate "2023.10.10"]
[SourceVersion "1"]
[SourceVersionDate "2023.10.10"]
[SourceQuality "1"]
[WhiteTeam "Petrovice Inter"]
[BlackTeam "Havirov Banik"]
[WhiteTeamCountry "CZE"]
[BlackTeamCountry "CZE"]

1. e4 c5 2. Nc3 e6 3. Nge2 Nc6 4. g3 Nf6 5. Bg2 Be7 6. 0-0 0-0 7. d4 cxd4 8. Nxd4 d6 9. Nce2 d5 10. exd5 Nxd4 11. Nxd4 Nxd5 12. c4 Nb6 13. b3 Bf6 14. Be3 Rb8 15. Rc1 Bd7 16. Re1 Re8 17. Qc2 Bxd4 18. Bxd4 Bc6 19. Bxc6 bxc6 20. Qc3 f6 21. Rcd1 Qe7 22. Qa5 Qb7 23. Rd2 e5 24. Bc5 Rbd8 25. Red1 Rxd2 26. Qxd2 Kf7 27. h4 Qc8 28. a4 Qe6 29. a5 Nc8 30. Qd7+ Kg6 31. Qxe6 Rxe6 32. Rd8 Ne7 33. Bxa7 c5 34. Bxc5 Nc6 35. Ra8 e4 36. Ra6 Kf7 37. b4 1-0

[Event "SVK-ch Seniors 65"]
[Site "Tatranske Matliare"]
[Date "2022.05.31"]
[Round "5"]
[White "Lys, Josef"]
[Black "Mikulas, Dusan"]
[Result "0-1"]
[WhiteElo "2114"]
[BlackElo "2004"]
[PlyCount "84"]
[EventDate "2022.05.28"]
[EventType "swiss"]
[EventRounds "9"]
[EventCountry "SVK"]
[SourceTitle "EXT 2024"]
[Source "ChessBase"]
[SourceDate "2023.10.10"]
[SourceVersion "1"]
[SourceVersionDate "2023.10.10"]
[SourceQuality "1"]

1. d4 d5 2. c4 e5 3. dxe5 d4 4. Nf3 Nc6 5. g3 Be6 6. b3 Qd7 7. Bg2 0-0-0 8. Bb2 Nge7 9. 0-0 Ng6 10. Na3 Bxa3 11. Bxa3 Bh3 12. e6 Bxe6 13. Ng5 h5 14. Nxe6 Qxe6 15. b4 h4 16. Qa4 hxg3 17. hxg3 d3 18. e3 Rh6 19. Bb2 f6 20. Qb5 Rdh8 21. Qd5 Qg4 22. b5 Rd8 23. Qf3 Qxf3 24. Bxf3 Nce5 25. Bd5 c6 26. bxc6 bxc6 27. Be6+ Kc7 28. f4 Rdh8 29. fxe5 Rh1+ 30. Kg2 R8h2+ 31. Kf3 Rxf1+ 32. Rxf1 Rxb2 33. exf6 gxf6 34. Ke4 d2 35. c5 Rc2 36. Bb3 Rxc5 37. Rxf6 Rc3 38. Rf1 c5 39. Rd1 c4 40. Ba4 Ra3 41. Be8 c3 42. Kd3 Ne5+ 0-1

[Event "Ostrava Konik op-A"]
[Site "Ostrava"]
[Date "2022.05.01"]
[Round "2"]
[White "Lys, Josef"]
[Black "Fishchuk, Vladyslav"]
[Result "0-1"]
[WhiteElo "2114"]
[BlackElo "1894"]
[PlyCount "68"]
[EventDate "2022.04.30"]
[EventType "swiss"]
[EventRounds "9"]
[EventCountry "CZE"]
[SourceTitle "CBM 208 Extra"]
[Source "ChessBase"]
[SourceDate "2022.07.31"]
[SourceVersion "1"]
[SourceVersionDate "2022.07.31"]
[SourceQuality "1"]

1. d4 Nf6 2. Nf3 e6 3. g3 b5 4. Bg2 Bb7 5. 0-0 c5 6. c3 cxd4 7. cxd4 d5 8. Bf4 Be7 9. Nbd2 Nh5 10. Be3 0-0 11. Nb3 Nd7 12. Rc1 Qb6 13. Ne5 Nhf6 14. Nc5 Rfd8 15. Qb3 Rac8 16. Ncxd7 Nxd7 17. Rxc8 Bxc8 18. Nd3 b4 19. Rc1 Ba6 20. Qd1 Bf6 21. Nc5 Nxc5 22. Rxc5 Be7 23. Rc1 Qa5 24. Bf3 Qxa2 25. Rc7 Bd6 26. Rxa7 Bb8 27. Ra8 Bc7 28. Rxd8+ Bxd8 29. b3 h6 30. Qc1 Bc4 31. bxc4 b3 32. cxd5 b2 33. Qc8 b1Q+ 34. Kg2 Qb6 0-1

[Event "Tatranska Lomnica Tatry op"]
[Site "Tatranska Lomnica"]
[Date "2021.10.07"]
[Round "7"]
[White "Pribyl, Josef"]
[Black "Lys, Josef"]
[Result "1-0"]
[WhiteElo "2235"]
[BlackElo "2059"]
[PlyCount "143"]
[EventDate "2021.10.02"]
[EventType "swiss"]
[EventRounds "9"]
[EventCountry "SVK"]
[SourceTitle "EXT 2023"]
[Source "ChessBase"]
[SourceDate "2022.10.05"]
[SourceVersion "1"]
[SourceVersionDate "2022.10.05"]
[SourceQuality "1"]

1. e4 c5 2. Nc3 e6 3. Nf3 Nc6 4. d4 cxd4 5. Nxd4 d6 6. g3 Be7 7. Bg2 Bd7 8. Ndb5 Qb8 9. Bf4 Ne5 10. a4 Nf6 11. 0-0 0-0 12. Qe2 Rc8 13. Rfd1 a6 14. Na3 Qc7 15. h3 h6 16. Be3 Ne8 17. a5 Nc4 18. Nxc4 Qxc4 19. Rd3 Bf6 20. Qd2 Qb4 21. Nd1 Qxd2 22. Rxd2 Bd8 23. b3 Bf6 24. Rb1 Bd8 25. Ra1 Rab8 26. Ra2 Kf8 27. Ba7 Ra8 28. Bd4 Rab8 29. Ne3 Bb5 30. c4 Bd7 31. e5 b6 32. exd6 bxa5 33. Ra3 Bb6 34. Bxb6 Rxb6 35. Rxa5 Rxb3 36. Rxa6 Rc3 37. Rb2 f5 38. Rb7 Nf6 39. Rc7 Rd8 40. c5 Ne8 41. c6 Bc8 42. Rxc8 Rxc8 43. d7 Rd8 44. dxe8Q+ Rxe8 45. Ra7 Re7 46. Rb7 g6 47. Kf1 Rc5 48. Rb4 Rc7 49. Nc4 e5 50. Rb7 Re7 51. Nb6 Rc1+ 52. Ke2 e4 53. Nd7+ Kg7 54. Rc7 g5 55. Kd2 Ra1 56. Rb7 Ra2+ 57. Ke3 f4+ 58. gxf4 gxf4+ 59. Kxf4 Rxf2+ 60. Kg3 e3 61. Nc5 Rff7 62. Bd5 e2 63. Nd3 Re3+ 64. Kg2 Rxd3 65. Rxf7+ Kg6 66. Re7 Rxd5 67. Rxe2 Rc5 68. Re6+ Kg5 69. Kf3 Rc3+ 70. Ke4 Rxh3 71. Re5+ Kg4 72. Rc5 1-0

[Event "Tatranska Lomnica Tatry op"]
[Site "Tatranska Lomnica"]
[Date "2021.10.04"]
[Round "4"]
[White "Petran, Peter"]
[Black "Lys, Josef"]
[Result "1-0"]
[WhiteElo "2231"]
[BlackElo "2059"]
[PlyCount "87"]
[EventDate "2021.10.02"]
[EventType "swiss"]
[EventRounds "9"]
[EventCountry "SVK"]
[SourceTitle "EXT 2023"]
[Source "ChessBase"]
[SourceDate "2022.10.05"]
[SourceVersion "1"]
[SourceVersionDate "2022.10.05"]
[SourceQuality "1"]

1. c4 c6 2. Nf3 d5 3. b3 Bf5 4. Bb2 e6 5. g3 h6 6. Bg2 Nf6 7. 0-0 Nbd7 8. d3 Be7 9. Nbd2 0-0 10. a3 a5 11. Rb1 Qc7 12. Qc2 Bh7 13. b4 axb4 14. axb4 Ra2 15. Qb3 Rfa8 16. Rfc1 R2a4 17. Ra1 Rxa1 18. Bxa1 Qb6 19. Bc3 Ng4 20. c5 Qc7 21. Qb2 Bf6 22. Bxf6 Ngxf6 23. Ra1 Qb8 24. Nb3 Ne8 25. Nfd2 Nc7 26. Bf1 Na6 27. Qc3 Bg6 28. e3 Nc7 29. d4 f6 30. Ra5 Be8 31. Qa1 Rxa5 32. Qxa5 Nf8 33. Nb1 Nd7 34. Nc3 b5 35. cxb6 Nxb6 36. Qc5 Kf7 37. Na5 Nba8 38. Na4 g5 39. g4 Bd7 40. Nxc6 Bxc6 41. Qxc6 Qxb4 42. Nc5 Qb8 43. Qd7+ Kf8 44. Qd6+ 1-0

[Event "Pardubice Czech op-B 32nd"]
[Site "Pardubice"]
[Date "2021.07.27"]
[Round "5"]
[White "Lys, Josef"]
[Black "Krupenko, Peter"]
[Result "0-1"]
[WhiteElo "2145"]
[BlackElo "1917"]
[PlyCount "130"]
[EventDate "2021.07.24"]
[EventType "swiss"]
[EventRounds "9"]
[EventCountry "CZE"]
[SourceTitle "EXT 2022"]
[Source "ChessBase"]
[SourceDate "2021.10.06"]
[SourceVersion "1"]
[SourceVersionDate "2021.10.06"]
[SourceQuality "1"]

1. d4 d5 2. c4 c6 3. e3 Nf6 4. Nc3 e6 5. Nf3 Be7 6. b3 0-0 7. Bd3 Nbd7 8. Bb2 Re8 9. 0-0 Bf8 10. Qc2 h6 11. Rae1 c5 12. cxd5 exd5 13. Rd1 b6 14. Bb5 Bb7 15. dxc5 bxc5 16. Qf5 g6 17. Qh3 Re6 18. Ne2 Bg7 19. Nf4 Rd6 20. Ne5 Nf8 21. Ng4 Nxg4 22. Bxg7 Kxg7 23. Qxg4 Qg5 24. Qxg5 hxg5 25. Nd3 Ne6 26. Rc1 Rc8 27. Rfd1 Kf6 28. f3 a6 29. Ba4 c4 30. Nb2 c3 31. Nc4 Rdd8 32. Nb6 Rc7 33. Kf2 Rd6 34. Nc4 Rd8 35. Na5 Ba8 36. Rd3 d4 37. exd4 Rxd4 38. Rxd4 Nxd4 39. Nc4 c2 40. Ke3 Nf5+ 41. Kd3 Nh4 42. Rxc2 g4 43. fxg4 Nxg2 44. Rf2+ Kg5 45. Ne5 f6 46. h4+ Nxh4 47. Nd7 Nf3 48. Nf8 Re7 49. b4 Ne5+ 50. Kd4 Nxg4 51. Rc2 f5 52. Bc6 Bb7 53. a4 f4 54. Rc5+ Kh6 55. b5 axb5 56. axb5 f3 57. Rc3 f2 58. Rf3 Bc8 59. b6 Re1 60. Bb5 Bb7 61. Rf7 Bg2 62. b7 Bxb7 63. Rxb7 Kg5 64. Rf7 Nf6 65. Ne6+ Rxe6 0-1

[Event "Pardubice Czech op-B 32nd"]
[Site "Pardubice"]
[Date "2021.07.25"]
[Round "3"]
[White "Lys, Josef"]
[Black "Sorin, Itay"]
[Result "1-0"]
[WhiteElo "2145"]
[BlackElo "1951"]
[PlyCount "69"]
[EventDate "2021.07.24"]
[EventType "swiss"]
[EventRounds "9"]
[EventCountry "CZE"]
[SourceTitle "EXT 2022"]
[Source "ChessBase"]
[SourceDate "2021.10.06"]
[SourceVersion "1"]
[SourceVersionDate "2021.10.06"]
[SourceQuality "1"]

1. d4 f5 2. e4 fxe4 3. Nc3 Nf6 4. g4 d5 5. g5 Ng8 6. f3 e3 7. Bxe3 Bf5 8. Bd3 Qd7 9. Bf4 c6 10. Nge2 e6 11. Ng3 g6 12. Qe2 Ne7 13. Bxb8 Bxd3 14. cxd3 h6 15. Be5 Rh7 16. f4 b6 17. 0-0-0 c5 18. Rde1 Rc8 19. gxh6 cxd4 20. Bxd4 Bxh6 21. Qg4 b5 22. Kb1 b4 23. Nce2 b3 24. axb3 Qb5 25. Nc1 Rxc1+ 26. Kxc1 Qxd3 27. Rd1 Qxb3 28. Rhf1 Qc4+ 29. Kb1 Kd7 30. Rfe1 Bxf4 31. Qxf4 Rxh2 32. Rd2 Qb4 33. Be3 Qa5 34. Rc1 e5 35. Qg4+ 1-0

[Event "Ceske Budejovice op"]
[Site "Ceske Budejovice"]
[Date "2021.07.09"]
[Round "9"]
[White "Blazek, Jiri2222"]
[Black "Lys, Josef"]
[Result "1/2-1/2"]
[WhiteElo "2008"]
[BlackElo "2145"]
[PlyCount "113"]
[EventDate "2021.07.01"]
[EventType "swiss"]
[EventRounds "9"]
[EventCountry "CZE"]
[SourceTitle "CBM 203 Extra"]
[Source "ChessBase"]
[SourceDate "2021.09.30"]
[SourceVersion "1"]
[SourceVersionDate "2021.09.30"]
[SourceQuality "1"]

1. d4 d5 2. e3 Nf6 3. Bd3 Nc6 4. f4 Bg4 5. Nf3 Ne4 6. 0-0 Bxf3 7. Qxf3 f5 8. c3 e6 9. Qh3 Qf6 10. Nd2 0-0-0 11. Nxe4 fxe4 12. Be2 Kb8 13. Bd2 Bd6 14. Be1 Rde8 15. f5 e5 16. Bb5 Ref8 17. Bxc6 bxc6 18. Bg3 Rf7 19. Qh5 Rd7 20. Qe2 Kb7 21. Qc2 Rb8 22. Qa4 h5 23. Rac1 h4 24. dxe5 Bxe5 25. Bxe5 Qxe5 26. Rcd1 Rf7 27. Rd4 Rf6 28. c4 Ka8 29. cxd5 cxd5 30. b3 c6 31. Rd2 Qc3 32. Qd4 Qxd4 33. exd4 Rbf8 34. Rdf2 Kb7 35. g4 hxg3 36. hxg3 Kc7 37. g4 Kd6 38. b4 g6 39. fxg6 Rxf2 40. Rxf2 Ke7 41. Rf5 Rf6 42. Kg2 Rxg6 43. Kg3 Ke6 44. Re5+ Kd6 45. g5 a5 46. a3 axb4 47. axb4 Rg7 48. Kg4 Rb7 49. g6 Rxb4 50. g7 Rb8 51. Kf5 Rg8 52. Re6+ Kd7 53. Rg6 Ke7 54. Rxc6 Rxg7 55. Rc7+ Kf8 56. Rc8+ Ke7 57. Rc7+ 1/2-1/2

[Event "Ceske Budejovice op"]
[Site "Ceske Budejovice"]
[Date "2021.07.05"]
[Round "5"]
[White "Hurtik, Matej"]
[Black "Lys, Josef"]
[Result "1/2-1/2"]
[WhiteElo "1932"]
[BlackElo "2145"]
[PlyCount "88"]
[EventDate "2021.07.01"]
[EventType "swiss"]
[EventRounds "9"]
[EventCountry "CZE"]
[SourceTitle "CBM 203 Extra"]
[Source "ChessBase"]
[SourceDate "2021.09.30"]
[SourceVersion "1"]
[SourceVersionDate "2021.09.30"]
[SourceQuality "1"]

1. e4 c5 2. Nf3 Nc6 3. d4 cxd4 4. Nxd4 g6 5. Nc3 Bg7 6. Be3 d6 7. Qd2 Bd7 8. Be2 Rc8 9. f3 Ne5 10. 0-0-0 Nc4 11. Bxc4 Rxc4 12. Qd3 Rc8 13. g4 Nf6 14. h4 h6 15. Nce2 Qa5 16. Kb1 a6 17. Ng3 Qc7 18. h5 d5 19. hxg6 Qxg3 20. gxf7+ Kxf7 21. exd5 Qe5 22. d6 exd6 23. Rhe1 Rhe8 24. Qb3+ Qd5 25. Nf5 Qxb3 26. Nxd6+ Kg6 27. axb3 Bc6 28. Nxc8 Rxc8 29. g5 hxg5 30. Rg1 Bxf3 31. Rxg5+ Kf7 32. Rdg1 Bh8 33. Rf1 Be4 34. Rc5 Rxc5 35. Bxc5 Ke6 36. Bd4 Bg7 37. Rf4 Bc6 38. Rh4 Ne8 39. Bxg7 Nxg7 40. b4 Nf5 41. Rh2 Be4 42. Ka2 Kd5 43. c3 Kc4 44. Rd2 Bd3 1/2-1/2

[Event "Ceske Budejovice op"]
[Site "Ceske Budejovice"]
[Date "2021.07.02"]
[Round "2"]
[White "Lys, Josef"]
[Black "Neuman, Petr"]
[Result "0-1"]
[WhiteElo "2145"]
[BlackElo "2397"]
[PlyCount "133"]
[EventDate "2021.07.01"]
[EventType "swiss"]
[EventRounds "9"]
[EventCountry "CZE"]
[SourceTitle "CBM 203 Extra"]
[Source "ChessBase"]
[SourceDate "2021.09.30"]
[SourceVersion "1"]
[SourceVersionDate "2021.09.30"]
[SourceQuality "1"]

1. d4 g6 2. e4 Bg7 3. Bc4 e6 4. Nc3 d6 5. Nf3 Ne7 6. Be3 a6 7. a4 b6 8. Qd2 h6 9. 0-0 Bb7 10. Rfe1 Nd7 11. Rad1 Nf6 12. d5 e5 13. h3 Nd7 14. Nh2 h5 15. Bf1 0-0 16. g3 f5 17. Bg2 h4 18. Nf3 hxg3 19. fxg3 Nf6 20. Ng5 Bc8 21. Qe2 Nh5 22. Bf2 Bh6 23. Ne6 Bxe6 24. dxe6 f4 25. g4 f3 26. Bxf3 Nf4 27. Qf1 Nxe6 28. Qc4 Qd7 29. Bg2 Rf7 30. Bh4 Bg5 31. Bxg5 Nxg5 32. Rf1 Ne6 33. Rxf7 Kxf7 34. Ne2 Kg7 35. Rf1 b5 36. axb5 axb5 37. Qb3 Rf8 38. Rxf8 Kxf8 39. Qg3 g5 40. h4 Ng6 41. hxg5 Nef4 42. Nxf4 Nxf4 43. Qh4 Kg8 44. Bf3 Qh7 45. Qh6 Qxh6 46. gxh6 Kh7 47. g5 Nh3+ 48. Kf1 Nxg5 49. Bg2 Kxh6 50. b4 Kg6 51. Ke2 Kf6 52. Ke3 Ke7 53. Bf1 c6 54. Be2 Kd7 55. Bg4+ Kc7 56. c3 Nh7 57. Bf5 Nf6 58. Be6 d5 59. exd5 Nxd5+ 60. Kd2 e4 61. Bf7 e3+ 62. Kd3 e2 63. Kxe2 Nxc3+ 64. Kd3 Nd5 65. Bxd5 cxd5 66. Ke3 Kd7 67. Kd4 0-1

[Event "Tatry op"]
[Site "Tatranske Zruby"]
[Date "2020.09.28"]
[Round "4"]
[White "Lys, Josef"]
[Black "Jablonicky, Martin"]
[Result "0-1"]
[WhiteElo "2047"]
[BlackElo "2318"]
[PlyCount "163"]
[EventDate "2020.09.26"]
[EventType "swiss"]
[EventRounds "9"]
[EventCountry "SVK"]
[SourceTitle "CBM 198 Extra"]
[Source "ChessBase"]
[SourceDate "2020.11.30"]
[SourceVersion "1"]
[SourceVersionDate "2020.11.30"]
[SourceQuality "1"]

1. d4 g6 2. e4 Bg7 3. Bc4 c6 4. Qf3 e6 5. Ne2 d5 6. Bb3 dxe4 7. Qxe4 Nf6 8. Qf3 0-0 9. Nbc3 Nbd7 10. Bf4 Nd5 11. Bd6 Re8 12. Rd1 b6 13. 0-0 Bb7 14. Rfe1 Qc8 15. Qg3 Nxc3 16. Nxc3 c5 17. dxc5 Nxc5 18. Be5 f6 19. Bd6 Nxb3 20. axb3 Qc6 21. f3 Rad8 22. Ba3 f5 23. Rd6 Bd4+ 24. Kh1 Rxd6 25. Bxd6 Bxc3 26. bxc3 Qxc3 27. Be5 Qd2 28. h4 Rd8 29. Bf4 Qxc2 30. Rxe6 Kf7 31. Re3 Rd3 32. Rxd3 Qxd3 33. Bg5 Ke6 34. Qe1+ Kd7 35. Qe7+ Kc6 36. Qxh7 Qd1+ 37. Kh2 Qd6+ 38. Kh3 a5 39. Be7 Qe6 40. Bd8 Bc8 41. Qc7+ Kb5 42. Bg5 Bd7 43. Qc3 Qd5 44. Qf6 Qe6 45. Qd4 Ka6 46. Kh2 Bc6 47. b4 a4 48. Qd3+ Bb5 49. Qc3 Bc4 50. Bf4 Kb5 51. Bg5 Qd6+ 52. Kh3 Qe6 53. Bf4 Bb3 54. Bc1 f4+ 55. Kh2 Qe7 56. Qh8 Kxb4 57. Qd4+ Kb5 58. Qxf4 a3 59. Qd4 a2 60. Bb2 Bc4 61. Kg3 Qe6 62. Bc3 Ka4 63. Kh2 Kb3 64. Bb2 Ka4 65. Bc3 Kb5 66. Bb2 Kc6 67. Qg7 Qd6+ 68. Kh1 b5 69. Be5 Qe6 70. Bc3 Qf5 71. Be5 Qf7 72. Qh8 Qg8 73. Qf6+ Qe6 74. Qh8 b4 75. Kh2 Kb5 76. Qb8+ Ka4 77. Qa7+ Ba6 78. Qd4 Qc4 79. Qd7+ Ka3 80. Qh7 a1Q 81. Bxa1 Qf4+ 82. Kh3 0-1

[Event "Prague Summer op 7th"]
[Site "Prague"]
[Date "2020.08.11"]
[Round "5"]
[White "Defromont, Benjamin"]
[Black "Lys, Josef"]
[Result "1-0"]
[WhiteElo "2236"]
[BlackElo "2059"]
[PlyCount "137"]
[EventDate "2020.08.08"]
[EventType "swiss"]
[EventRounds "9"]
[EventCountry "CZE"]
[SourceTitle "CBM 197 Extra"]
[Source "ChessBase"]
[SourceDate "2020.09.30"]
[SourceVersion "1"]
[SourceVersionDate "2020.09.30"]
[SourceQuality "1"]

1. e4 c5 2. Nf3 Nc6 3. Bb5 d6 4. 0-0 Bd7 5. Re1 e6 6. c3 Nf6 7. d4 cxd4 8. cxd4 Be7 9. Nc3 0-0 10. d5 exd5 11. exd5 Nb4 12. Bxd7 Nxd7 13. a3 Na6 14. Bf4 Re8 15. Nd4 Bf8 16. Qg4 Nf6 17. Qf3 Qd7 18. Bg5 Rxe1+ 19. Rxe1 Re8 20. Re2 Rxe2 21. Qxe2 Ne8 22. Ndb5 Nec7 23. Be3 Qf5 24. Nxc7 Nxc7 25. Qc4 Ne8 26. Bxa7 Qc2 27. Qe2 Qc1+ 28. Nd1 Nf6 29. Qd3 g6 30. g3 Bh6 31. Kg2 Bd2 32. Ne3 Bxe3 33. Bxe3 Qc8 34. b4 Qa8 35. Qd4 Ne8 36. Qd3 h5 37. Bc1 b6 38. Bb2 Nc7 39. Qc3 Qxd5+ 40. f3 Qe5 41. Qxe5 dxe5 42. Bxe5 Nd5 43. Kf2 f6 44. Bd4 b5 45. Ke2 Kf7 46. Kd2 Ne7 47. Kc2 Nc6 48. Bc3 f5 49. Kb3 Ke6 50. a4 bxa4+ 51. Kxa4 Kd5 52. b5 Nd8 53. Ka5 Kc4 54. Bb4 Nb7+ 55. Ka4 Kd5 56. f4 Kc4 57. Be7 Kd5 58. Kb4 Ke6 59. Bc5 Kd5 60. Bf8 Ke6 61. Kc4 Kd7 62. Kd5 Na5 63. Ke5 Nb3 64. Bb4 Nc1 65. Kf6 Nd3 66. Bc3 h4 67. Kxg6 hxg3 68. hxg3 Ke6 69. Bd4 1-0